Anthropological gallery, Indian Museum, Calcutta; (Record no. 77854)

MARC details
000 -LEADER
fixed length control field 00714cam a22002291 4500
001 - CONTROL NUMBER
control field sa 68001283
003 - CONTROL NUMBER IDENTIFIER
control field DLC
005 - DATE AND TIME OF LATEST TRANSACTION
control field 20260227112432.0
008 - FIXED-LENGTH DATA ELEMENTS--GENERAL INFORMATION
fixed length control field 710903s1959 ii a 000 0 eng
010 ## - LIBRARY OF CONGRESS CONTROL NUMBER
LC control number sa 68001283
025 ## - OVERSEAS ACQUISITION NUMBER
Overseas acquisition number PL480:I-E-6888
040 ## - CATALOGING SOURCE
Original cataloging agency DLC
Transcribing agency DLC
Modifying agency DLC
043 ## - GEOGRAPHIC AREA CODE
Geographic area code a-ii---
050 00 - LIBRARY OF CONGRESS CALL NUMBER
Classification number DS430
Item number .I43
082 00 - DEWEY DECIMAL CLASSIFICATION NUMBER
Classification number 306/.0954
110 2# - MAIN ENTRY--CORPORATE NAME
Corporate name or jurisdiction name as entry element Indian Museum.
245 10 - TITLE STATEMENT
Title Anthropological gallery, Indian Museum, Calcutta;
Remainder of title a short guide book.
Statement of responsibility, etc. Prepared by officers of the Dept. of Anthropology, Govt. of India, Indian Museum, Calcutta.
260 ## - PUBLICATION, DISTRIBUTION, ETC.
Place of publication, distribution, etc. Calcutta,
Date of publication, distribution, etc. 1959.
300 ## - PHYSICAL DESCRIPTION
Extent 63 p.
Other physical details illus.
Dimensions 21 cm.
650 #0 - SUBJECT ADDED ENTRY--TOPICAL TERM
Topical term or geographic name entry element Ethnology
Geographic subdivision India.
710 1# - ADDED ENTRY--CORPORATE NAME
Corporate name or jurisdiction name as entry element India.
Subordinate unit Department of Anthropology.

No items available.

Powered by Koha